Defensa fiscal de vanguardia

Detalles Bibliográficos
Autor principal: Gm̤ez Ruiz, Marvin Alfredo
Otros Autores: Esquerra Lupio, Sergio O.
Formato: eBook
Lenguaje:español
Publicado: Mx̌ico D.F. : Ediciones Fiscales ISEF, 2011
Materias:
Acceso en línea:http://www.vlex.com/source/10964

MARC

LEADER 00000nam a22000007a 4500
005 20130404181430.0
007 cr|||| ||||
008 130404e2011 mx |||||s|||| 00||0 spa d
020 |a 978-607-406-368-4 
035 |a 10964 
040 |a vLex 
090 |c 4120  |d 4120 
100 1 0 |a Gm̤ez Ruiz, Marvin Alfredo 
245 1 0 |a Defensa fiscal de vanguardia  |c / Marvin Alfredo Gm̤ez Ruiz, Sergio O. Esquerra Lupio   |h [Recurso electrn̤ico] 
256 |a Servicio en ln̕ea 
260 |a Mx̌ico D.F. :  |b Ediciones Fiscales ISEF,   |c 2011 
300 |a 1 Recurso electrn̤ico 
506 |a Contenido solo disponible en los productos indicados  |d vLex Global  |d vLex Global (Academic Edition, excluding Law Schools)  |d vLex Global (U.S. Academic Edition, Law Schools)  |d vLex Global (U.S. Academic Edition, excluding Law Schools)  |d vLex Global (Academic Edition, Law Schools) 
650 0 4 |a Derecho tributario  |z Mx̌ico 
700 1 0 |a Esquerra Lupio, Sergio O.  
740 |a vLex Libros (Servicio en ln̕ea) 
856 |a Acceso restringido  |u http://www.vlex.com/source/10964 
942 |c BOOK 
999 0 |a Taxation